• 首页
  • 本馆介绍
  • 公告通知
  • 最新文献
  • 馆藏检索
  • 电子资源
  • 读者导购
  • 参考咨询
  • 我的图书馆
  • 登录
  • 详细信息显示
  • 放入我的书架
  • 预约/预借图书
  • 作者相关作品
  • 分类相关作品
  • 丛书相关作品
  • 出版社相关作品

书目信息

  • 表格格式
  • 工作单格式
  • 卡片格式
题名:
聋校语文有效教学的艺术与方法
    
 
作者: 付心知 著
分册:  
出版信息: 北京   光明日报出版社  2019.06
页数: 227页
开本: 24cm
丛书名: 名师工作室成果文库
单 册:
中图分类: G762.2
科图分类:
主题词: 语文课--教学研究--聋哑学校
电子资源:
ISBN: 978-7-5194-5299-5
000 01280oam2 2200253 450
001 0103152654
005 20201103152731.0
010    @a978-7-5194-5299-5@dCNY58.00
100    @a20200408d2019 em y0chiy50 ea
101 0  @achi
102    @aCN@b110000
105    @aa z 000yy
106    @ar
200 1  @a聋校语文有效教学的艺术与方法@Along xiao yu wen you xiao jiao xue de yi shu yu fang fa@f付心知著
210    @a北京@c光明日报出版社@d2019.06
215    @a227页@c图@d24cm
225 2  @a名师工作室成果文库
330    @a本书从聋校语文教学的大难题“习作指导”入手,从习作指导的步骤、习作指导的方法、材料收集与运用的技巧等方面,总结了十数年来习作指导教学的经验,同时还以案例的形式,就图式化习作教学的方法,进行了具体的介绍。在“阅读教学篇”中,从聋校阅读教学的特殊性谈起,以“情景化”“语用观”为经,以“思维发展”“语言积累”为纬,以“图式化”为方法,涉及到课前预习、课堂提问、课中积累、课后巩固等多方面的策略。在“综合篇”中,谈了聋校语文校本教材的开发、聋生信息素养的培养、聋生课堂上的心理需求、学困生的个别化辅导以及手语这种聋校语文教学中必不可少的视觉语言。
461  0 @12001 @a名师工作室成果文库
606 0  @a语文课@x教学研究@x聋哑学校
690    @aG762.2@v5
701  0 @a付心知@Afu xin zhi@4著
801  0 @aCN@bBJSZM@c20201103
905    @b1256951-5@dG762.2@e150@f5
    
    聋校语文有效教学的艺术与方法/付心知著.-北京:光明日报出版社,2019.06
    227页:图;24cm.-(名师工作室成果文库)
    
    
    ISBN 978-7-5194-5299-5:CNY58.00
    本书从聋校语文教学的大难题“习作指导”入手,从习作指导的步骤、习作指导的方法、材料收集与运用的技巧等方面,总结了十数年来习作指导教学的经验,同时还以案例的形式,就图式化习作教学的方法,进行了具体的介绍。在“阅读教学篇”中,从聋校阅读教学的特殊性谈起,以“情景化”“语用观”为经,以“思维发展”“语言积累”为纬,以“图式化”为方法,涉及到课前预习、课堂提问、课中积累、课后巩固等多方面的策略。在“综合篇”中,谈了聋校语文校本教材的开发、聋生信息素养的培养、聋生课堂上的心理需求、学困生的个别化辅导以及手语这种聋校语文教学中必不可少的视觉语言。
●
相关链接 在E读中查询图书 在五车中查询图书 在当当中查询图书 在豆瓣中查询图书


正题名:聋校语文有效教学的艺术与方法     索取号:G762.2/150         预约/预借

序号 登录号 条形码 馆藏地/架位号 状态 备注
1 1256951   212569512   第一样本阅览室/ [索取号:G762.2/150] 在馆    
2 1256952   212569521   教育系资料室/ [索取号:G762.2/150] 在馆    
3 1256953   212569530   教育系资料室/ [索取号:G762.2/150] 在馆    
4 1256954   212569549   第四借阅区/ [索取号:G762.2/150] 在馆    
5 1256955   212569558   第四借阅区/ [索取号:G762.2/150] 在馆    
唐山师范学院图书馆 欢迎您!
大连网信软件有限公司© 版权所有